[Event "Prague Holiday K21"]
[Site "Prague"]
[Date "2017.07.27"]
[Round "7"]
[White "Ekberg, Karl"]
[Black "Schoenmakers, Nico"]
[Result "1-0"]
[WhiteElo "1848"]
[BlackElo "1808"]
[PlyCount "51"]
[EventDate "2017.07.23"]
[EventType "tourn"]
[EventRounds "9"]
[EventCountry "CZE"]
[SourceTitle "EXT 2023"]
[Source "ChessBase"]
[SourceDate "2022.10.05"]
[SourceVersion "1"]
[SourceVersionDate "2022.10.05"]
[SourceQuality "1"]

1. d4 d5 2. c4 e6 3. Nc3 c6 4. cxd5 exd5 5. Qc2 Nf6 6. Bg5 Be7 7. e3 Bg4 8. Bd3 Nbd7 9. f3 Bh5 10. Nge2 Bg6 11. Bxg6 hxg6 12. 0-0 Nh5 13. Bxe7 Qxe7 14. e4 dxe4 15. fxe4 Qh4 16. e5 0-0-0 17. Ne4 Kb8 18. Nd6 Rdf8 19. Nxf7 Ng3 20. Nxh8 Rxh8 21. hxg3 Qh1+ 22. Kf2 Rf8+ 23. Nf4 Qh6 24. Kg1 Qg5 25. Qxg6 Qe7 26. Qd6+ 1-0

[Event "Prague Holiday K21"]
[Site "Prague"]
[Date "2017.07.25"]
[Round "4"]
[White "Ekberg, Karl"]
[Black "Morling, Joakim"]
[Result "0-1"]
[WhiteElo "1848"]
[BlackElo "2000"]
[PlyCount "50"]
[EventDate "2017.07.23"]
[EventType "tourn"]
[EventRounds "9"]
[EventCountry "CZE"]
[SourceTitle "EXT 2023"]
[Source "ChessBase"]
[SourceDate "2022.10.05"]
[SourceVersion "1"]
[SourceVersionDate "2022.10.05"]
[SourceQuality "1"]

1. d4 d5 2. c4 e6 3. Nc3 Nf6 4. Bg5 Be7 5. cxd5 Nxd5 6. Bxe7 Qxe7 7. e4 Nxc3 8. bxc3 e5 9. f3 0-0 10. Qd2 f5 11. Bd3 fxe4 12. fxe4 Bg4 13. d5 Qh4+ 14. g3 Qf6 15. Qe3 Nd7 16. Be2 Bxe2 17. Kxe2 Qa6+ 18. Qd3 Rf2+ 19. Ke3 Qb6+ 20. Qd4 exd4+ 21. Kxf2 Qb2+ 22. Ne2 d3 23. Rae1 dxe2 24. Rxe2 Rf8+ 25. Ke3 Qxc3# 0-1

[Event "Chess Holiday 2017 K21"]
[Site "Prague"]
[Date "2017.07.25"]
[Round "5"]
[White "Zacek, Petr"]
[Black "Ekberg, Karl"]
[Result "0-1"]
[WhiteElo "1939"]
[BlackElo "1848"]
[PlyCount "108"]
[EventDate "2017.07.23"]
[EventType "tourn"]
[EventRounds "9"]
[EventCountry "CZE"]
[SourceTitle "EXT 2024"]
[Source "ChessBase"]
[SourceDate "2023.10.10"]
[SourceVersion "1"]
[SourceVersionDate "2023.10.10"]
[SourceQuality "1"]

1. d4 Nf6 2. c4 g6 3. Nc3 Bg7 4. e4 d6 5. f3 0-0 6. Bg5 c5 7. d5 Nbd7 8. Qd2 a6 9. Bh6 Rb8 10. Bxg7 Kxg7 11. a4 Qa5 12. b3 Ne8 13. h4 h5 14. Nh3 Nc7 15. Ra2 Qb4 16. Qb2 b5 17. axb5 axb5 18. Kf2 bxc4 19. Bxc4 Ne5 20. Rb1 Nxc4 21. bxc4 Qxb2+ 22. Raxb2 Rxb2+ 23. Rxb2 Ba6 24. Na4 Bxc4 25. Rb7 Nb5 26. Nb6 Na3 27. Rxe7 Rb8 28. Nd7 Rb2+ 29. Kg3 Bb5 30. Ng5 Bxd7 31. Rxf7+ Kg8 32. Rxd7 Rb6 33. Rd8+ Kg7 34. Ne6+ Kf6 35. Kf4 c4 36. Nd4 Ke7 37. Rc8 Kd7 38. Rc6 Rb2 39. g4 Rd2 40. Ke3 Rd3+ 41. Kf4 Rxd4 42. gxh5 gxh5 43. Kg5 Rd3 44. f4 Rg3+ 45. Kxh5 c3 46. e5 dxe5 47. fxe5 Nb5 48. Rc5 Nd4 49. Rc4 c2 50. d6 Rg2 51. Rc7+ Kd8 52. Rc4 Rg1 53. d7 c1Q 54. Rc8+ Qxc8 0-1

[Event "Prague Holiday K22"]
[Site "Prague"]
[Date "2016.07.25"]
[Round "3"]
[White "Ekberg, Karl"]
[Black "Dalling, Peter"]
[Result "1/2-1/2"]
[WhiteElo "1764"]
[BlackElo "1822"]
[PlyCount "82"]
[EventDate "2016.07.24"]
[EventType "tourn"]
[EventRounds "9"]
[EventCountry "CZE"]
[SourceTitle "EXT 2023"]
[Source "ChessBase"]
[SourceDate "2022.10.05"]
[SourceVersion "1"]
[SourceVersionDate "2022.10.05"]
[SourceQuality "1"]

1. d4 Nf6 2. c4 e6 3. Nc3 Bb4 4. e3 d5 5. Bd3 Nbd7 6. Nge2 b6 7. a3 Be7 8. cxd5 exd5 9. 0-0 0-0 10. f3 c5 11. e4 dxe4 12. Nxe4 Bb7 13. Kh1 Rc8 14. N4c3 cxd4 15. Nxd4 Bc5 16. Nb3 Re8 17. Nxc5 Nxc5 18. Bf5 Qxd1 19. Rxd1 Rcd8 20. Bf4 h6 21. b4 Nb3 22. Rab1 Rxd1+ 23. Rxd1 Nd4 24. Be4 Nxe4 25. Nxe4 Bxe4 26. Rxd4 Bf5 27. Bd2 Rc8 28. Kg1 Rc2 29. b5 Be6 30. Rd8+ Kh7 31. Bb4 g5 32. Re8 Rc7 33. Re7 Rxe7 34. Bxe7 Bc4 35. Bd6 Bxb5 36. Bb8 Bc4 37. Bxa7 b5 38. Kf2 Kg6 39. Kg3 f5 40. f4 g4 41. h3 h5 1/2-1/2